000 00641nam a22001697a 4500
008 160430b xxu||||| |||| 00| 0 eng d
020 _a9-71513181-6
082 _22005
_aDFil 610.7
_bAsp6i
100 _97145
_aAsperas, Carlito Manalaysay
245 _aIntroduction to basic nursing research :
_btrends, methods, and applications, a text-workbook/
_cCarlito Manalaysay Asperas.
260 _aManila :
_bEducational Publishing House,
_cc2005.
300 _axvii, 258 pages ;
_c28 cm.
500 _aIncludes bibliography, appendix and glossary.
650 0 _97146
_aNursing research
_xMethodology
365 _b350.00
_cPhp
942 _2ddc
_cDFIL
999 _c2191
_d2191